000 01104nam a2200265 a 4500
001 000011300
005 20200929162418.0
008 091016s2004 dr r 000 d spa d
020 _a9993439290
040 _aDO-SdBNP
_bspa
_cBNPHU
082 _aRD862.44
_bM722e
100 1 _aMolinaza, José,
_d1951-
_925474
245 1 3 _aEl entremés de Llerena en el teatro hispanoamericano /
_cJosé Molinaza.
260 _aSanto Domingo :
_bLibrería La Trinitaria,
_c2004.
300 _a126 p. ;
_c21 cm.
500 _aIncluye datos biográficos del autor en las solapas
500 _aIncluye referencias bibliográficas y notas al pie de páginas.
504 _aBibliografía : p. 117-124
590 _aInventariado, 2018/BT
600 1 4 _aLLERENA DE RUEDA, CRISTÓBAL DE,
_d1541?-1626
_xCRÍTICA E INTERPRETACIÓN
_926893
600 1 4 _aLLERENA DE RUEDA, CRISTÓBAL DE,
_d1541?-1626
_xINFLUENCIA
_926894
600 1 4 _aLLERENA DE RUEDA, CRISTÓBAL DE,
_d1541?-1626
_tEL ENTREMÉS DE LLERENA
_926895
650 4 _aDrama hispanoamericano
_xHistoria y crítica
_926896
910 _aValidado. Control de calidad. MFF
999 _c11007
_d11007